Jornada de diálogo de política entre el gobierno dominicano y los Bancos Mundial e Interamericano de Desarrollo (Record no. 9908)
[ view plain ]
| 000 -LEADER | |
|---|---|
| campo de control de longitud fija | 00474nam a2200133Ia 4500 |
| 001 - NÚMERO DE CONTROL | |
| campo de control | 3101 |
| 008 - DATOS DE LONGITUD FIJA--INFORMACIÓN GENERAL | |
| campo de control de longitud fija | 241024s9999 xx 000 0 und d |
| 082 ## - NÚMERO DE LA CLASIFICACIÓN DECIMAL DEWEY | |
| Número de clasificación | RD/303.33/B213j |
| 100 ## - ENTRADA PRINCIPAL--NOMBRE DE PERSONA | |
| Nombre de persona | Banco Mundial / Banco Interamericano de Desarrollo (BID) |
| 245 #0 - MENCIÓN DEL TÍTULO | |
| Título | Jornada de diálogo de política entre el gobierno dominicano y los Bancos Mundial e Interamericano de Desarrollo |
| 260 ## - PUBLICACIÓN, DISTRIBUCIÓN, ETC. | |
| Nombre del editor, distribuidor, etc. | Juan Dolio, República Dominicana |
| Fecha de publicación, distribución, etc. | 2013 |
| 901 ## - ELEMENTOS DE DATOS A LOCAL LDA (RLIN) | |
| a | 31/7/2013 8:52:55 a.m. |
No items available.